La lucha por el reconocimiento en Hegel: génesis y significado
Bewaard in:
| Hoofdauteur: | |
|---|---|
| Formaat: | Boek |
| Taal: | Spaans |
| Gepubliceerd in: |
Medellín
Universidad de Antioquía
2010
|
| Reeks: | Filosofía
|
| Onderwerpen: | |
| Tags: |
Voeg label toe
Geen labels, Wees de eerste die dit record labelt!
|
MARC
| LEADER | 00000cam a2200000 a 4500 | ||
|---|---|---|---|
| 001 | UCF2913 | ||
| 003 | CL-VaPUC | ||
| 005 | 20230421074440.0 | ||
| 008 | 120910e20100000CK |||||||||||||||||spa|d | ||
| 999 | |c 349451 |d 349449 | ||
| 020 | |a 9789587143591 | ||
| 040 | |c Pontificia Universidad Católica de Valparaíso | ||
| 082 | 0 | 4 | |a 193 |b REN |2 21 |
| 100 | 0 | |a Rendón Arroyave, Carlos Emel |e author |9 564752 | |
| 245 | 1 | 3 | |a La lucha por el reconocimiento en Hegel: génesis y significado |
| 260 | |a Medellín |b Universidad de Antioquía |c 2010 | ||
| 300 | |a 210 p | ||
| 490 | 0 | |a Filosofía | |
| 583 | |a last modification |c 20120910 11:39:00 |k Rodrigo Vera | ||
| 600 | 0 | |a Hegel, Georg Wilhelm Friedrich |d 1770-1831 |9 860268 | |
| 650 | 0 | |a Filosofía alemana |9 265002 | |
| 650 | 7 | |a FILOSOFOS ALEMANES |2 CL-VaPUC |9 564753 | |
| 650 | 0 | |a Crítica e interpretación |9 255042 | |
| 942 | |c BK |2 ddc | ||
| 945 | |d 20120910 00:00:00 |a dcastane | ||
| 952 | |0 0 |1 0 |4 0 |6 193_000000000000000_REN_2010 |7 0 |8 A |9 452074 |a BIBEDU |b BIBEDU |d 2019-11-22 |i 490317K |o 193 REN 2010 |p 490317K |r 2019-11-22 |w 2019-11-22 |y BK |k FIL | ||